| 000 | 02576cam a22004694i 4500 | ||
|---|---|---|---|
| 003 | PE-LiUPU | ||
| 005 | 20250731183414.0 | ||
| 008 | 200227s2019 pe a r 000 0 spa d | ||
| 020 | _a9972604713 | ||
| 020 | _a9789972604713 | ||
| 035 | _a(Sirsi) a252829 | ||
| 040 |
_aPE-LiUPU _bspa _cPE-LiUPU _erda |
||
| 041 | 1 |
_aspa _aeng |
|
| 049 | _aPRUA | ||
| 082 | 0 | 4 |
_a720 _bC3 _223 |
| 245 | 0 | 0 |
_aCatálogo oficial de la BIAAA 2019 / _cEditor, Cristian Yarasca Aybar. |
| 264 | 1 |
_aPerú : _bUniversidad peruana unión, _c2019. |
|
| 300 |
_a160 páginas : _bilustraciones ; _c30 centímetros |
||
| 336 |
_atext _2rdacontent |
||
| 337 |
_aunmediated _2rdamedia |
||
| 338 |
_avolume _2rdacarrier |
||
| 505 | 0 | _aLos territorio narrados por sus proyectos -- El nuevo integrante -- Un oasis para el ministerio -- Un campus para la salud y el bienestar -- Ubuntu en umbumbulu -- Espacios para ser y habitar -- Paisaje literario -- Ciudadania activa -- Aula móvil -- Kechwa wayku -- La quinta -- Expandiendo la luz verde -- El colegio como nodo de educación -- Estación cultural -- En el hábitat -- Fantasía alcanzable -- Euritmia estática. | |
| 526 | _aP158 | ||
| 526 | _aP146 | ||
| 526 | _aP17 | ||
| 526 | _aP12 | ||
| 526 | _aP06 | ||
| 534 |
_pTítulo Original : _tOfficial catalogue of the BIAAA 2019. |
||
| 650 | 0 | 4 | _aArquitectura-Estudio y enseñanza-Congreso. |
| 700 | 1 |
_aYarasca Aybar, Cristian, _eeditor. |
|
| 910 |
_adbm _bksl _cksl _d20190227 |
||
| 942 |
_2ddc _cBOOK |
||
| 994 |
_aC0 _bPEPRU |
||
| 598 | _aCATALOGING | ||
| 596 | _a1 | ||
| 999 |
_a720 C3 _wDEWEY _c32044 _i80898 _f2021-11-9 _g1 _lCCODEBUL1 _mBUL _p30.00 _r0 _sY _tBOOK _u2020-2-27 _xINGENIERIA _zP06 _0DONACION _o.STAFF. Colección Ingeniería y Arquitectura _d32044 |
||
| 999 |
_a720 C3 _wDEWEY _c2 _i80899 _f2021-11-9 _g1 _lCCODEBUL1 _mBUL _p30.00 _r0 _sY _tBOOK _u2020-2-27 _xINGENIERIA _zP06 _0DONACION _o.STAFF. Colección Ingeniería y Arquitectura |
||
| 999 |
_a720 C3 _wDEWEY _c3 _i80900 _f2021-11-9 _g1 _lCCODEBUL1 _mBUL _p30.00 _r0 _sY _tBOOK _u2020-2-27 _xINGENIERIA _zP06 _0DONACION _o.STAFF. Colección Ingeniería y Arquitectura |
||
| 999 |
_a720 C3 _wDEWEY _c4 _i80901 _f2021-11-9 _g1 _lCCODEBUL1 _mBUL _p30.00 _r0 _sY _tBOOK _u2020-2-27 _xINGENIERIA _zP06 _0DONACION _o.STAFF. Colección Ingeniería y Arquitectura |
||
| 999 |
_a720 C3 _wDEWEY _c5 _i80902 _f2021-11-9 _g1 _lCCODEBUL1 _mBUL _p30.00 _r0 _sY _tBOOK _u2020-2-27 _xINGENIERIA _zP06 _0DONACION _o.STAFF. Colección Ingeniería y Arquitectura |
||
| 980 |
_81 _gALBERTO SANCHEZ Responsable de Automatización |
||